00235nam a2200097 a 4500008004100000050001500041100002500056245003800081260000900119350000900128120416s1969 xx |||||||||||||| || u aTS 205 Rad aRadford, John Dennis10aProduction engineering technology c1969 a0.00